000
00232 a2200097 4500
001
42902
100
_a
Yousafi Allah Baksh
245
_a
Sarhad our Jado Jehd Azadi
260
_a
Lahore
_b
Markazi Urdu Board
_c
090
_c
26788
_d
26788
942
_a
NUST-CAE
_c
M
_c
18655
999
_c
277975
_d
277975